Oldest countries to have decriminalised consensual same-sex sexual act - Statistics

General Stats
  • This quiz has been taken 14 times
  • The average score is 9 of 15
Answer Stats
Hint Answer % Correct
1791 France | Haiti
100%
1871 Mexico
100%
1831 Brazil
92%
1795 Belgium | Luxembourg
83%
1811 Netherlands
83%
1882 Japan
67%
1832 Bolivia
58%
1822 Dominican Republic
58%
1858 Turkey
58%
1836 Venezuela
58%
1793 Monaco
42%
1834 Guatemala
33%
1826 El Salvador
25%
1869 Suriname
8%
1870 Philippines
0%
No matching quizzes found
Score Distribution
Percent of People with Each Score
Percentile by Number Answered
Your Score History
You have not taken this quiz